000 00665nam a2200289Ia 4500
005 20260324140454.0
008 008 260324s9999 xx 000 0 eng d
020 _a9780203983614
037 _aEBOOK
040 _aCRL
040 _beng
040 _cCRL
041 _2eng
041 _aeng
084 _qCRL
100 _aKathy Perkins
_91204519
245 0 _aBlack South African Women
245 3 _bAn Anthology of Plays
260 _bTaylor and Francis
260 _c1998
365 _a
365 _b230
856 _uhttp://www.taylorfrancis.com/books/9780203983614
942 _cEBOOK
999 _c1806655
_d1806655